| 000 | 01837cam a2200253 a 4500 | ||
|---|---|---|---|
| 999 |
_c555 _d555 |
||
| 008 | 080729s2007 enka 000 0 eng d | ||
| 020 | _a9789280114812 | ||
| 040 |
_aIMU-KC _beng |
||
| 110 | 2 | _aInternational Maritime Organization. | |
| 240 | 1 | 0 | _aInternational code for fire safety systems |
| 245 | 1 | 0 |
_aFSS code : _binternational code for fire safety systems / _cInternational Maritime Organization. |
| 250 | _a2nd edition. | ||
| 260 |
_aLondon : _bIMO, _c2007. |
||
| 300 |
_aviii, 365 p. : _bill. ; _c24 cm. |
||
| 500 | _a"FSS code was adopted by the Maritime Safety Committee (MSC) at its seventy-third session (December 2000) by resolution MSC.98(73) in order to provide international standards for the fire safety systems and equipment required by chapter II-2 of the 1974 SOLAS Convention ... The amendments are expected to enter into force on 1 July 2002."--P. iii. | ||
| 500 | _aResolution MSC. 98(73). | ||
| 500 | _a"Sales number: IMO-155E."--T.p. verso. | ||
| 505 | 0 | _aGeneral -- International shore connections -- Personnel protection -- Fire extinguishers -- Fixed gas fire-extinguishing systems -- Fixed foam fire-extinguishing systems -- Fixed pressure water-spraying and water-mist fire-extinguishing systems -- Automatic sprinkler, fire detection and fire alarm systems -- Fixed fire detection and fire alarm systems -- Sample extraction smoke detection systems -- Low-location lighting systems -- Fixed emergency fire pumps -- Arrangement of means of escape -- Fixed deck foam systems -- Inert gas systems -- Fire safety standards and guidelines referred to in the code. | |
| 525 | _aKept up-to-date by supplements. | ||
| 650 | 0 |
_aShips _xSafety regulations. _xShip Operations |
|
| 710 | 2 | _aInternational Maritime Organization. | |
| 856 | 4 | 1 | _uhttp://www.loc.gov/catdir/toc/fy14pdf01/2008380889.html |
| 942 | _cBK | ||